000 00320nam a2200133Ia 4500
008 220204s9999 xx 000 0 und d
082 _a374
_bADI
100 _aAdivi Reddy, A
245 0 _aExtension education
250 _aEd.5
260 _aBapatla
_bSree Lakshmi Press
_c1993
650 _aPanchayat Raj
942 _cBK
999 _c40741
_d40741